000 00667nam a22001817a 4500
999 _c18880
_d18880
003 AR-CdUCM
008 190515b ||||| |||| 00| 0 spa d
040 _aMUNICIPALIDAD PROVINCIAL DEL CUSCO
_cBIBLIOTECA MUNICIPAL DEL CUSCO
082 _a110.9 /
_bD63
100 _aDempf, Alois
_939777
245 _aMetafísica de la edad media /
260 _aValencia :
_bModerna,
_c1957.
300 _a284 páginas ;
_c20 cm.
505 _aLa tarea critocosistemática -- San Agustin la fundamentación de l metafísica tepcentrica medieval -- Juan Erígena y la metafísica de la época carolingia...
650 _aEdad Media.
_9454
942 _2ddc
_cLIBROS
945 _awfj